Beobachtungen zur Nachkriegskriminalität unter besonderer Berücksichtigung der Gewaltverbrechen
| Autor principal: | |
|---|---|
| Tipo de documento: | Print Libro |
| Lenguaje: | Alemán |
| Publicado: |
Biel/Schweiz
Institut f. Psycho-Hygiene
1952
|
| En: |
Arbeiten zur Psycho-Hygiene (3)
Año: 1952 |
| Disponibilidad en Tübingen: | Disponible en Tübingen. IFK: B XII 4 |
| Verificar disponibilidad: | HBZ Gateway |
| Servicio de pedido Subito: | Pedir ahora. |
| Palabras clave: |
MARC
| LEADER | 00000cam a2200000 c 4500 | ||
|---|---|---|---|
| 001 | 107748173X | ||
| 003 | DE-627 | ||
| 005 | 20260206200730.0 | ||
| 007 | tu | ||
| 008 | 850101s1952 gw ||||| 00| ||ger c | ||
| 016 | 7 | |a 450202755 |2 DE-101 | |
| 020 | |c : 6.50 (geh.) | ||
| 035 | |a (DE-627)107748173X | ||
| 035 | |a (DE-603)052635244 | ||
| 035 | |a (DE-576)00748173X | ||
| 035 | |a (DE-599)BSZ00748173X | ||
| 035 | |a (OCoLC)263638202 | ||
| 035 | |a (OCoLC)263638202 | ||
| 035 | |a (DE-604)8029372291 | ||
| 040 | |a DE-627 |b ger |c DE-627 |e rakwb | ||
| 041 | |a ger | ||
| 044 | |c XA-DE | ||
| 084 | |a PH 8500 |2 rvk |0 (DE-625)rvk/136507: | ||
| 084 | |a 44.91 |2 bkl | ||
| 084 | |a 71.00 |2 bkl | ||
| 084 | |a 77.00 |2 bkl | ||
| 084 | |a 44.72 |2 bkl | ||
| 084 | |a 71.65 |2 bkl | ||
| 090 | |a a | ||
| 100 | 1 | |a Bader, Karl S. |d 1905-1998 |0 (DE-588)118505726 |0 (DE-627)079310052 |0 (DE-576)16014020X |4 aut | |
| 109 | |a Bader, Karl S. 1905-1998 |a Bader, K. S. 1905-1998 |a Bader, Karl Siegfried 1905-1998 | ||
| 245 | 1 | 0 | |a Beobachtungen zur Nachkriegskriminalität unter besonderer Berücksichtigung der Gewaltverbrechen |c Karl Bader |
| 264 | 1 | |a Biel/Schweiz |b Institut f. Psycho-Hygiene |c 1952 | |
| 300 | |a 39 S. | ||
| 336 | |a Text |b txt |2 rdacontent | ||
| 337 | |a ohne Hilfsmittel zu benutzen |b n |2 rdamedia | ||
| 338 | |a Band |b nc |2 rdacarrier | ||
| 490 | 1 | |a Arbeiten zur Psychohygiene |v 3 | |
| 583 | 1 | |a Archivierung prüfen |c 20240324 |f DE-4165 |z 1 |2 pdager | |
| 648 | 7 | |a Geschichte 1945-1951 |2 gnd | |
| 650 | 0 | 7 | |0 (DE-588)4157234-8 |0 (DE-627)104262087 |0 (DE-576)209832851 |a Gewaltkriminalität |2 gnd |
| 650 | 0 | 7 | |0 (DE-588)4033178-7 |0 (DE-627)10458503X |0 (DE-576)209000511 |a Kriminalität |2 gnd |
| 689 | 0 | 0 | |d s |0 (DE-588)4033178-7 |0 (DE-627)10458503X |0 (DE-576)209000511 |a Kriminalität |2 gnd |
| 689 | 0 | 1 | |a z |2 gnd |a Geschichte 1945-1951 |
| 689 | 0 | |5 (DE-627) | |
| 689 | 1 | 0 | |d s |0 (DE-588)4157234-8 |0 (DE-627)104262087 |0 (DE-576)209832851 |a Gewaltkriminalität |2 gnd |
| 689 | 1 | 1 | |a z |2 gnd |a Geschichte 1945-1951 |
| 689 | 1 | |5 (DE-627) | |
| 830 | 0 | |a Arbeiten zur Psycho-Hygiene |v 3 |9 3 |w (DE-627)131048082 |w (DE-576)007409567 |w (DE-600)1102083-0 |7 am | |
| 889 | |w (DE-627)173362893 | ||
| 935 | |i mdedup | ||
| 935 | |i sf | ||
| 935 | |h HEB |i 0501 | ||
| 935 | |h HEB |i 0503 | ||
| 936 | r | v | |a PH 8500 |b Kriminalität unter extremen sozialen (Ausnahme-)Bedingungen (z.B. Krieg, Naturkatastrophen) |k Rechtswissenschaft |k Strafrecht, Strafverfahrensrecht, Kriminologie |k Kriminologie |k Weitere Problemfelder |k Kriminalität unter extremen sozialen (Ausnahme-)Bedingungen (z.B. Krieg, Naturkatastrophen) |0 (DE-627)1272237893 |0 (DE-625)rvk/136507: |0 (DE-576)202237893 |
| 936 | b | k | |a 44.91 |j Psychiatrie |j Psychopathologie |0 (DE-627)106409972 |
| 936 | b | k | |a 71.00 |j Soziologie: Allgemeines |0 (DE-627)106423444 |
| 936 | b | k | |a 77.00 |j Psychologie: Allgemeines |0 (DE-627)106412264 |
| 936 | b | k | |a 44.72 |j Rechtsmedizin |0 (DE-627)106409476 |
| 936 | b | k | |a 71.65 |j Kriminalität als soziales Problem |0 (DE-627)106412248 |
| 936 | s | n | |a p100 |2 mzub |
| 951 | |a BO | ||
| ELC | |b 1 | ||
| LOK | |0 000 xxxxxcx a22 zn 4500 | ||
| LOK | |0 001 205878572X | ||
| LOK | |0 003 DE-627 | ||
| LOK | |0 004 107748173X | ||
| LOK | |0 005 20020607000000 | ||
| LOK | |0 008 930329||||||||||||||||ger||||||| | ||
| LOK | |0 040 |a DE-21-110 |c DE-627 |d DE-21-110 | ||
| LOK | |0 852 |a DE-21-110 | ||
| LOK | |0 852 1 |c B XII 4 |m p |9 00 | ||
| LOK | |0 935 |a k110 | ||
| LOK | |0 936ln |a 2.3 | ||
| LOK | |0 938 |k p | ||
| LOK | |0 939 |a 29-03-93 |b l01 | ||
| ORI | |a SA-MARC-krimdoka001.raw | ||
| SIG | |a IFK: B XII 4 | ||
| TIM | |a 100019450101_100019511231 |b Geschichte 1945-1951 | ||
